السنة / (رقم التسجيلة. 179517)
[ عرض عادي ]
| 000 -LEADER | |
|---|---|
| fixed length control field | 01310namaa22003131i 4500 |
| 003 - CONTROL NUMBER IDENTIFIER | |
| control field | EG-GICUC |
| 005 - DATE AND TIME OF LATEST TRANSACTION | |
| control field | 20260416102219.0 |
| 008 - FIXED-LENGTH DATA ELEMENTS--GENERAL INFORMATION | |
| fixed length control field | 260416s1994 le ||||jr|||| 000 0 ara d |
| 040 ## - CATALOGING SOURCE | |
| Original cataloging agency | EG-GiCUC |
| Language of cataloging | ara |
| Transcribing agency | EG-GiCUC |
| Modifying agency | EG-GiCUC |
| Description conventions | rda |
| 082 04 - DEWEY DECIMAL CLASSIFICATION NUMBER | |
| Edition number | 21 |
| Classification number | 251.12 |
| Item number | H2339 |
| 092 04 - LOCALLY ASSIGNED DEWEY CALL NUMBER (OCLC) | |
| Edition number | 21 |
| Classification number | 251.12 |
| Item number | H2339 |
| 099 ## - LOCAL FREE-TEXT CALL NUMBER (OCLC) | |
| Classification number | 251.12 H2339 1994 |
| 100 1# - MAIN ENTRY--PERSONAL NAME | |
| Personal name | ابن حنبل، عبد الله بن أحمد |
| Relator term | مؤلف. |
| 245 12 - TITLE STATEMENT | |
| Title | السنة / |
| Statement of responsibility, etc. | للامام عبد الله بن أحمد بن حنبل ؛ تحقيق خادم السنة المطهرة أبو هاجر محمد السعيد بن بسيونى زغلول |
| 250 ## - EDITION STATEMENT | |
| Edition statement | الطبعة الثانية |
| 264 ## - PRODUCTION, PUBLICATION, DISTRIBUTION, MANUFACTURE, AND COPYRIGHT NOTICE | |
| Place of production, publication, distribution, manufacture | بيروت (لبنان) : |
| Name of producer, publisher, distributor, manufacturer | دار الكتب العلمية، |
| Date of production, publication, distribution, manufacture, or copyright notice | 1994. |
| 300 ## - PHYSICAL DESCRIPTION | |
| Extent | 288 صفحة |
| Other physical details | ؛ |
| Dimensions | 24 سم |
| 336 ## - CONTENT TYPE | |
| Source | rdacontent |
| Content type term | text |
| 337 ## - MEDIA TYPE | |
| Source | rdamedia |
| Media type term | Unmediated |
| 338 ## - CARRIER TYPE | |
| Source | rdacarrier |
| Carrier type term | volume |
| 504 ## - BIBLIOGRAPHY, ETC. NOTE | |
| Bibliography, etc. note | يشتمل على ارجاعات ببليوجرافية |
| 541 ## - IMMEDIATE SOURCE OF ACQUISITION NOTE | |
| Source of acquisition | د. جابر عصفور ؛ |
| Address | القاهرة ؛ |
| Method of acquisition | إهداء ؛ |
| Date of acquisition | 2024. |
| 600 ## - SUBJECT ADDED ENTRY--PERSONAL NAME | |
| Personal name | ابن حنبل، عبد الله بن أحمد |
| Dates associated with a name | 780-855 ه |
| 650 1# - SUBJECT ADDED ENTRY--TOPICAL TERM | |
| Topical term or geographic name entry element | السنة |
| Source of heading or term | qrmak |
| 651 1# - SUBJECT ADDED ENTRY--GEOGRAPHIC NAME | |
| Source of heading or term | qrmak |
| 700 1# - ADDED ENTRY--PERSONAL NAME | |
| Personal name | زغلول، أبو هاجر محمد السعيد بن بسيونى |
| Relator term | محقق. |
| 905 ## - Cataloger and Reviser Names | |
| Cataloger Name | Nermeen_El Mawardy |
| 942 ## - ADDED ENTRY ELEMENTS (KOHA) | |
| Source of classification or shelving scheme | Dewey Decimal Classification |
| Suppress in OPAC | No |
| Koha item type | Books |
| Edition | 21 |
| Withdrawn status | Lost status | Source of classification or shelving scheme | Damaged status | Not for loan | Home library | Current library | Date acquired | Inventory number | Total checkouts | Full call number | Barcode | Date last seen | Price effective from | Koha item type |
|---|---|---|---|---|---|---|---|---|---|---|---|---|---|---|
| Dewey Decimal Classification | Not for loan | المكتبة المركزبة الجديدة - جامعة القاهرة | قاعة المكتبات المهداة - الدور الرابع | 16.04.2026 | 173288 | 251.12 H2339 1994 J.U. | 01000100173288000 | 16.04.2026 | 16.04.2026 | Books |